<?xml version="1.0" encoding="UTF-8"?>
<collection xmlns="http://www.loc.gov/MARC21/slim">
 <record>
  <leader>01886nam a2200337 a 4500</leader>
  <controlfield tag="001">4830846</controlfield>
  <controlfield tag="008">091019s1991    bg       b    001 0 eng d</controlfield>
  <datafield tag="999" ind1=" " ind2=" ">
   <subfield code="c">7639</subfield>
   <subfield code="d">7639</subfield>
  </datafield>
  <datafield tag="010" ind1=" " ind2=" ">
   <subfield code="a">   89905232 </subfield>
  </datafield>
  <datafield tag="020" ind1=" " ind2=" ">
   <subfield code="a">8940511475</subfield>
  </datafield>
  <datafield tag="040" ind1=" " ind2=" ">
   <subfield code="a">DLC</subfield>
   <subfield code="c">DLC</subfield>
   <subfield code="d">DLC</subfield>
  </datafield>
  <datafield tag="082" ind1="0" ind2="0">
   <subfield code="a">362.5095492</subfield>
   <subfield code="2">21</subfield>
  </datafield>
  <datafield tag="100" ind1="1" ind2=" ">
   <subfield code="a">Maloney, Clarence.</subfield>
   <subfield code="9">30114</subfield>
  </datafield>
  <datafield tag="245" ind1="1" ind2="0">
   <subfield code="a">Behavior and poverty in Bangladesh /</subfield>
   <subfield code="c">Clarence Maloney.</subfield>
  </datafield>
  <datafield tag="250" ind1=" " ind2=" ">
   <subfield code="a">3rd ed.</subfield>
  </datafield>
  <datafield tag="260" ind1=" " ind2=" ">
   <subfield code="a">Dhaka, Bangladesh :</subfield>
   <subfield code="b">University Press,</subfield>
   <subfield code="c">1991</subfield>
  </datafield>
  <datafield tag="300" ind1=" " ind2=" ">
   <subfield code="a">viii, 93 p. ;</subfield>
   <subfield code="c">22 cm.</subfield>
  </datafield>
  <datafield tag="504" ind1=" " ind2=" ">
   <subfield code="a">Includes bibliographical references (p. 86-91) and index.</subfield>
  </datafield>
  <datafield tag="541" ind1="1" ind2=" ">
   <subfield code="e">00005010</subfield>
  </datafield>
  <datafield tag="650" ind1=" " ind2="0">
   <subfield code="a">Poor</subfield>
   <subfield code="z">Bangladesh.</subfield>
   <subfield code="9">30115</subfield>
  </datafield>
  <datafield tag="650" ind1=" " ind2="0">
   <subfield code="a">Work ethic</subfield>
   <subfield code="z">Bangladesh.</subfield>
   <subfield code="9">30116</subfield>
  </datafield>
  <datafield tag="650" ind1=" " ind2="0">
   <subfield code="a">National characteristics, Bangladeshi.</subfield>
   <subfield code="9">30117</subfield>
  </datafield>
  <datafield tag="740" ind1="0" ind2=" ">
   <subfield code="a">Behaviour and poverty in Bangladesh.</subfield>
  </datafield>
  <datafield tag="852" ind1="4" ind2=" ">
   <subfield code="a">Ayesha Abed Library</subfield>
   <subfield code="j">General shelf </subfield>
  </datafield>
  <datafield tag="942" ind1=" " ind2=" ">
   <subfield code="2">ddc</subfield>
   <subfield code="c">BK</subfield>
  </datafield>
  <datafield tag="952" ind1=" " ind2=" ">
   <subfield code="0">0</subfield>
   <subfield code="1">4</subfield>
   <subfield code="2">ddc</subfield>
   <subfield code="4">0</subfield>
   <subfield code="6">362_509549200000000_MAL</subfield>
   <subfield code="7">0</subfield>
   <subfield code="9">8361</subfield>
   <subfield code="a">BRACUL</subfield>
   <subfield code="b">BRACUL</subfield>
   <subfield code="c">GEN</subfield>
   <subfield code="d">2010-02-22</subfield>
   <subfield code="g">150.00</subfield>
   <subfield code="l">0</subfield>
   <subfield code="o">362.5095492 MAL</subfield>
   <subfield code="p">3010005010</subfield>
   <subfield code="r">2010-02-22</subfield>
   <subfield code="t">1</subfield>
   <subfield code="w">2010-02-22</subfield>
   <subfield code="y">BK</subfield>
   <subfield code="x">Koha Inventory 2020</subfield>
  </datafield>
  <datafield tag="952" ind1=" " ind2=" ">
   <subfield code="0">0</subfield>
   <subfield code="1">0</subfield>
   <subfield code="2">ddc</subfield>
   <subfield code="4">0</subfield>
   <subfield code="6">362_509549200000000_MAL</subfield>
   <subfield code="7">0</subfield>
   <subfield code="9">8362</subfield>
   <subfield code="a">BRACUL</subfield>
   <subfield code="b">BRACUL</subfield>
   <subfield code="c">GEN</subfield>
   <subfield code="d">2010-02-22</subfield>
   <subfield code="g">150.00</subfield>
   <subfield code="l">0</subfield>
   <subfield code="o">362.5095492 MAL</subfield>
   <subfield code="p">3010004396</subfield>
   <subfield code="r">2010-02-22</subfield>
   <subfield code="t">2</subfield>
   <subfield code="w">2010-02-22</subfield>
   <subfield code="y">BK</subfield>
  </datafield>
  <datafield tag="952" ind1=" " ind2=" ">
   <subfield code="0">0</subfield>
   <subfield code="1">0</subfield>
   <subfield code="2">ddc</subfield>
   <subfield code="4">0</subfield>
   <subfield code="6">362_509549200000000_MAL</subfield>
   <subfield code="7">0</subfield>
   <subfield code="9">8363</subfield>
   <subfield code="a">BRACUL</subfield>
   <subfield code="b">BRACUL</subfield>
   <subfield code="c">GEN</subfield>
   <subfield code="d">2010-02-22</subfield>
   <subfield code="g">150.00</subfield>
   <subfield code="l">3</subfield>
   <subfield code="m">1</subfield>
   <subfield code="o">362.5095492 MAL</subfield>
   <subfield code="p">3010004759</subfield>
   <subfield code="r">2025-12-14</subfield>
   <subfield code="s">2025-11-16</subfield>
   <subfield code="t">3</subfield>
   <subfield code="w">2010-02-22</subfield>
   <subfield code="y">BK</subfield>
  </datafield>
  <datafield tag="952" ind1=" " ind2=" ">
   <subfield code="0">0</subfield>
   <subfield code="1">0</subfield>
   <subfield code="2">ddc</subfield>
   <subfield code="4">0</subfield>
   <subfield code="6">362_509549200000000_MAL</subfield>
   <subfield code="7">0</subfield>
   <subfield code="9">43189</subfield>
   <subfield code="a">SCL</subfield>
   <subfield code="b">SCL</subfield>
   <subfield code="c">GEN</subfield>
   <subfield code="d">2005-12-18</subfield>
   <subfield code="l">0</subfield>
   <subfield code="o">362.5095492 MAL</subfield>
   <subfield code="p">3020005971</subfield>
   <subfield code="r">2014-07-16</subfield>
   <subfield code="t">4</subfield>
   <subfield code="w">2014-07-16</subfield>
   <subfield code="y">BK</subfield>
  </datafield>
  <datafield tag="952" ind1=" " ind2=" ">
   <subfield code="0">0</subfield>
   <subfield code="1">0</subfield>
   <subfield code="2">ddc</subfield>
   <subfield code="4">0</subfield>
   <subfield code="6">362_509549200000000_MAL</subfield>
   <subfield code="7">0</subfield>
   <subfield code="9">52434</subfield>
   <subfield code="a">SCL</subfield>
   <subfield code="b">SCL</subfield>
   <subfield code="c">GEN</subfield>
   <subfield code="d">2015-02-03</subfield>
   <subfield code="g">150.00</subfield>
   <subfield code="l">0</subfield>
   <subfield code="o">362.5095492 MAL</subfield>
   <subfield code="p">3020000602</subfield>
   <subfield code="r">2015-02-03</subfield>
   <subfield code="t">5</subfield>
   <subfield code="w">2015-02-03</subfield>
   <subfield code="y">BK</subfield>
  </datafield>
  <datafield tag="952" ind1=" " ind2=" ">
   <subfield code="0">0</subfield>
   <subfield code="1">0</subfield>
   <subfield code="2">ddc</subfield>
   <subfield code="4">0</subfield>
   <subfield code="6">362_509549200000000_MAL</subfield>
   <subfield code="7">0</subfield>
   <subfield code="9">58859</subfield>
   <subfield code="a">SCL</subfield>
   <subfield code="b">SCL</subfield>
   <subfield code="c">GEN</subfield>
   <subfield code="d">2016-04-26</subfield>
   <subfield code="g">150.00</subfield>
   <subfield code="l">1</subfield>
   <subfield code="o">362.5095492 MAL</subfield>
   <subfield code="p">3020005139</subfield>
   <subfield code="r">2017-09-21</subfield>
   <subfield code="s">2017-09-21</subfield>
   <subfield code="t">6</subfield>
   <subfield code="w">2016-04-26</subfield>
   <subfield code="y">BK</subfield>
  </datafield>
 </record>
</collection>
